000 00296nam a2200097Ia 4500
005 20250424112833.0
008 250424s9999 xx 000 0 und d
300 _aviii, 50 p. :ill. ; 23 cm.
650 _aBanks and banking. Banks and banking--History. Bank failures. Financial crises.
942 _cSR
999 _c37422
_d37422